Kreatív és kulturális szabadidő-eltöltés - konferencia szekció

Elmentve itt :
Bibliográfiai részletek
Testületi szerző: Nemzetközi szociológiai konferencia (2013) (Szeged)
Dokumentumtípus: Cikk
Megjelent: Szegedi Tudományegyetem Juhász Gyula Pedagógusképző Kar Alkalmazott Egészségtudományi és Egészségfejlesztési Intézet Szeged 2014
Sorozat:Egész-ség 2 No. 1
Kulcsszavak:Szabadidő
Tárgyszavak:
Online Access:http://acta.bibl.u-szeged.hu/41715
LEADER 00891nab a2200217 i 4500
001 acta41715
005 20250508130953.0
008 170320s2014 hu o 000 hun d
040 |a SZTE Egyetemi Kiadványok Repozitórium  |b hun 
041 |a hun 
245 0 0 |a Kreatív és kulturális szabadidő-eltöltés - konferencia szekció  |h [elektronikus dokumentum] 
260 |a Szegedi Tudományegyetem Juhász Gyula Pedagógusképző Kar Alkalmazott Egészségtudományi és Egészségfejlesztési Intézet  |b Szeged  |c 2014 
300 |a 35 
490 0 |a Egész-ség  |v 2 No. 1 
650 4 |a Orvos- és egészségtudomány 
650 4 |a Egészségtudományok 
650 4 |a Társadalomtudományok 
650 4 |a Szociológia 
695 |a Szabadidő 
710 |a Nemzetközi szociológiai konferencia (2013) (Szeged) 
856 4 0 |u http://acta.bibl.u-szeged.hu/41715/1/egesz-seg_002_001_035.pdf  |z Dokumentum-elérés